Succeeding in business with Microsoft Office Excel 2010 : (Record no. 19570)

MARC details
000 -LEADER
fixed length control field 00744nam a22002177a 4500
003 - CONTROL NUMBER IDENTIFIER
control field OSt
008 - FIXED-LENGTH DATA ELEMENTS--GENERAL INFORMATION
fixed length control field 230518b2014 |||||||| |||| 00| 0 eng d
020 ## - INTERNATIONAL STANDARD BOOK NUMBER
International Standard Book Number 9788131527962
082 ## - DEWEY DECIMAL CLASSIFICATION NUMBER
Classification number 658.40300285554
Item number GRO-S
100 ## - MAIN ENTRY--PERSONAL NAME
Personal name Gross, Debra
245 ## - TITLE STATEMENT
Title Succeeding in business with Microsoft Office Excel 2010 :
Remainder of title a problem-solving approach /
Statement of responsibility, etc Debra Gross; Frank Akaiwa and Karleen Nordquist
260 ## - PUBLICATION, DISTRIBUTION, ETC. (IMPRINT)
Place of publication, distribution, etc Delhi :
Name of publisher, distributor, etc Cengage Learning,
Date of publication, distribution, etc 2014.
300 ## - PHYSICAL DESCRIPTION
Extent / Pages xxi, 700 p. ;
650 ## - SUBJECT ADDED ENTRY--TOPICAL TERM
Topical term or geographic name as entry element Problem solving-Data processing
650 ## - SUBJECT ADDED ENTRY--TOPICAL TERM
Topical term or geographic name as entry element Microsoft Excel (Computer file)
650 ## - SUBJECT ADDED ENTRY--TOPICAL TERM
Topical term or geographic name as entry element Business-Computer programs
650 ## - SUBJECT ADDED ENTRY--TOPICAL TERM
Topical term or geographic name as entry element Electronic spreadsheets-Computer programs
700 ## - ADDED ENTRY--PERSONAL NAME
Personal name Akaiwa, Frank
700 ## - ADDED ENTRY--PERSONAL NAME
Personal name Nordquist, Karleen
942 ## - ADDED ENTRY ELEMENTS (KOHA)
Source of classification or shelving scheme
Koha item type Books
942 ## - ADDED ENTRY ELEMENTS (KOHA)
-- 1
Holdings
Withdrawn status Lost status Source of classification or shelving scheme Damaged status Not for loan Collection code Home library Current library Date acquired Source of acquisition Currency Cost, normal purchase price Full call number Barcode Date last seen Copy number Bill Date Koha item type Bill Number Total Checkouts Date last borrowed
          Design Thinking & Innovation SOBD Library SOBD Library 18/05/2023 Vedi Books INR 799.00 658.40300285554 GRO-S1 003479 18/05/2023 1 17/04/2023 Reference Books VEDI/23-24/04/11    
            SOBD Library SOBD Library 18/05/2023 Vedi Books INR 799.00 658.40300285554 GRO-S2 003480 18/05/2023 2 17/04/2023 Books VEDI/23-24/04/11    
            SOBD Library SOBD Library 18/05/2023 Vedi Books INR 799.00 658.40300285554 GRO-S3 003481 18/05/2023 3 17/04/2023 Books VEDI/23-24/04/11    
            SOBD Library SOBD Library 18/05/2023 Vedi Books INR 799.00 658.40300285554 GRO-S4 003482 27/09/2023 4 17/04/2023 Books VEDI/23-24/04/11 1 13/09/2023
            SOBD Library SOBD Library 18/05/2023 Vedi Books INR 799.00 658.40300285554 GRO-S5 003483 18/05/2023 5 17/04/2023 Books VEDI/23-24/04/11    
Hosted, Implemented, Customized & Maintained by: BestBookBuddies

Powered by Koha